[Event "Tczew-ch"]
[Site "Tczew"]
[Date "2007.11.07"]
[Round "5.14"]
[White "Mielke, Patryk"]
[Black "Wronski, Michal"]
[Result "1-0"]
[WhiteElo "1600"]
[BlackElo "1800"]
[PlyCount "95"]
[EventDate "2007.10.02"]
[EventType "swiss"]
[EventRounds "9"]
[EventCountry "POL"]
[SourceTitle "EXT 2023"]
[Source "ChessBase"]
[SourceDate "2022.10.05"]
[SourceVersion "1"]
[SourceVersionDate "2022.10.05"]
[SourceQuality "1"]

1. e4 e6 2. d4 d5 3. exd5 exd5 4. Bd3 Nf6 5. Bg5 Be7 6. Nf3 0-0 7. 0-0 Bg4 8. Nbd2 Re8 9. Re1 Nbd7 10. c3 h6 11. Bh4 c6 12. Qc2 Qc7 13. Bg3 Bd6 14. Bxd6 Qxd6 15. h3 Be6 16. Re2 Nh5 17. Rae1 Ndf6 18. Re3 Qd7 19. Ne5 Qc8 20. Rf3 Nd7 21. Bh7+ Kh8 22. Bf5 Nxe5 23. Rxe5 Nf6 24. Bxe6 Rxe6 25. Rfe3 Rxe5 26. Rxe5 Qd7 27. Qd1 Re8 28. Qe2 Rxe5 29. Qxe5 Qe6 30. Nf3 a5 31. Qxe6 fxe6 32. Ne5 Ne4 33. Nf7+ Kg8 34. Nd8 c5 35. Nxe6 cxd4 36. cxd4 a4 37. Nc5 Nxc5 38. dxc5 Kf7 39. Kf1 Ke6 40. Ke2 d4 41. Kd3 Kd5 42. f4 Kxc5 43. g4 Kd5 44. h4 b6 45. h5 b5 46. g5 hxg5 47. fxg5 Ke6 48. h6 1-0